01082nam a2200289 i 4500001000300000003000400003005001700007008003900024020001600063020001500079040000800094041001300102080001800115080001800133245019000151260003800341490003200379500008200411655003600493655003600529700002100565700002900586700002100615700002600636856009800662830003200760bgBPK20220307113024.0051212s2005 pl d |000 0 pol a8360004005  a8360004056 cBPK0 apolaesp a811.162.1'374 a811.134.2'37400aSłownik polsko-hiszpański hiszpańsko-polski z gramatyką /c[oprac. przez Janinę i Oskara Perlinów ; gramatyka oprac. przez A. Böhringer i zaadapt. przez K. Zagórowską]. aWarszawa :bLangenscheidt,c2005.1 aBiblioteka Gazety Wyborczej aTyt. okł. i grzbiet.: Słownik.T. 5,polsko-hiszpański hiszpańsko-polski. 4aSłowniki polsko-hiszpańskie. 4aSłowniki hiszpańsko-polskie.1 aPerlin, Janina. 1 aPerlin, Oskard( -2010).1 a Böhringer, A.1 aZagórowska, Kamila. uhttp://koha.tu.koszalin.pl/cgi-bin/koha/opac-detail.pl?biblionumber=46591zKatalog online BPK aBiblioteka Gazety Wyborczej